000 00487nam a2200181Ia 4500
001 15786
005 20260306170221.0
008 260306t2022||||xx |||||||||||||| ||und||
041 _aESP
082 _a620.071
_bL65
100 _aLindeburg, Michael R.,
_eAUT
245 0 _aFE review manual :
_brapid preparation for the fundamentals of engineering exam
260 _c2022
300 _avarias paginaciones :
_c28 cm.
650 _aGEN
654 _aCII
942 _cLIB
_dJUS
_fJUS
_2ddc
_n
999 _c15786
_d15786